| 000 -LEADER |
| fixed length control field |
00766nam a22001937a 4500 |
| 005 - DATE AND TIME OF LATEST TRANSACTION |
| control field |
20260226114155.0 |
| 008 - FIXED-LENGTH DATA ELEMENTS--GENERAL INFORMATION |
| fixed length control field |
260226s2008 enk||||| |||| 00| 0 eng d |
| 020 ## - INTERNATIONAL STANDARD BOOK NUMBER |
| International Standard Book Number |
9780198292159x |
| 041 ## - LANGUAGE CODE |
| Language code of text/sound track or separate title |
eng |
| 080 ## - UNIVERSAL DECIMAL CLASSIFICATION NUMBER |
| Universal Decimal Classification number |
334.722.1 : 338.45.02 The-44 |
| 245 ## - TITLE STATEMENT |
| Title |
The Japanese Firm: |
| Remainder of title |
Sources of Competitive Strength / |
| Statement of responsibility, etc. |
Edited by Masahiko Aoki, Ronald Dore. |
| 264 ## - PRODUCTION, PUBLICATION, DISTRIBUTION, MANUFACTURE, AND COPYRIGHT NOTICE |
| Place of production, publication, distribution, manufacture |
Oxford : |
| Name of producer, publisher, distributor, manufacturer |
Oxford university Press, |
| Date of production, publication, distribution, manufacture, or copyright notice |
2008. |
| 300 ## - PHYSICAL DESCRIPTION |
| Extent |
410 p.; |
| Other physical details |
24 cm. |
| 653 ## - INDEX TERM--UNCONTROLLED |
| keyword |
იაპონური ფირმა |
| 653 ## - INDEX TERM--UNCONTROLLED |
| keyword |
კონკურენტული სიძლიერის წყაროები |
| 700 ## - ADDED ENTRY--PERSONAL NAME |
| Personal name |
Aoki, Masahiko |
| Relator term |
რედაქტორი |
| 9 (RLIN) |
26979 |
| 700 ## - ADDED ENTRY--PERSONAL NAME |
| Personal name |
Dore, Ronald |
| Relator term |
რედაქტორი |
| 9 (RLIN) |
26980 |
| 942 ## - ADDED ENTRY ELEMENTS (KOHA) |
| Source of classification or shelving scheme |
|
| Koha item type |
წიგნი |